| 000 | 00370cam a2200145ua 4500 | ||
|---|---|---|---|
| 041 |
_amal _h |
||
| 082 |
_a894.8124 _bNAR/VI |
||
| 100 | _aNarayana Pillai, P K . | ||
| 245 |
_aVijnana Ranjani / _cP K Narayana Pillai. _hTextual Documents |
||
| 260 |
_aKottayam : _bNational Book Stall , _c1947. |
||
| 300 | _a160 ; . | ||
| 504 | _a | ||
| 942 | _cBK | ||
| 999 |
_c5795 _d5795 |
||